| 000 | | | 04571nmc2a2200000 x 450 |
| 001 | | | d630c39c-fd08-43fb-ab02-dda03be4113b |
| 005 | | | 20170414133552.0 |
| 100 | ## | $a | 20140606l18421843k l0rusy0189 ca |
| 101 | 0# | $a | rus |
| 102 | ## | $a | RU |
| 200 | 1# | $a | Дело о представлении ведомостей о пожертвованиях, поступивших в пользу учебных заведений Дерптского округа в 1842 году и об объявлении благодарности чиновнику Шиману, пожертвовавшему для Митавского уездного училища коллекцию минералов |
| | $j | 20 мая 1842 г. - 24 ноября 1843 г. |
| 251 | ## | $c | Дело |
| 300 | ## | $a | Дело |
| 300 | ## | $a | Ориг. заголовок дела: Дело по представлению попечителя Дерптского учебного округа с препровождением ведомости о пожертвованиях, поступивших в пользу Дерптского университета и округа за 1842 год; тут же о вознаграждении Шимана за пожертвование. 20 мая 1842 г. - 24 ноября 1843 г |
| 801 | #0 | $a | RU |
| | $b | РГИА |
| | $c | 20140606 |
| | $g | RCR |
| 801 | #1 | $a | RU |
| | $b | ГлавНИВЦ |
| | $c | 20140606 |
| | $2 | rusmarc |
| 801 | #2 | $a | RU |
| | $b | ПБ им. Б.Н. Ельцина |
| | $c | 20170414 |
| | $g | RCR |
| | $2 | rusmarc |
| 850 | ## | $a | РГИА |
| 852 | ## | $a | РГИА |
| | $e | Федеральное казенное учреждение "Российский государственный исторический архив" (РГИА) |
| | $j | 172 |
| 937 | ## | $h | РГИА |
| | $d | 11169010 |
| | $a | ASBIBLIO_SCAN |
| 462 | #0 | $1 | 001fe4edb2a-8658-4269-9710-afcb460e1db3 |
| | $1 | 2001 |
| | $a | Дела Департамента народного просвещения по Дерптскому учебному округу за 1837-1862 гг. |
| | $1 | 251 |
| | $c | Опись |
| | $1 | 852 |
| | $j | 57 |
| 461 | #0 | $1 | 001a74412a3-3cc5-4d21-8f0a-dfe2fbd9e72d |
| | $1 | 2001 |
| | $a | Департамент народного просвещения Министерства народного просвещения (1803-1917) |
| | $1 | 251 |
| | $c | Фонд |
| | $1 | 852 |
| | $j | 733 |
| 215 | ## | $a | 24 л. |
| | $d | 36,5x26 см |
| 371 | ## | $a | Документ не является опубликованным и широко распространяемым |
| 105 | ## | $a | у### |
| 122 | 2# | $a | d |
| 517 | 1# | $a | Дело по представлению попечителя Дерптского учебного округа с препровождением ведомости о пожертвованиях, поступивших в пользу Дерптского университета и округа за 1842 год; тут же о вознаграждении Шимана за пожертвование. 20 мая 1842 г. - 24 ноября 1843 г |
| 035 | ## | $a | d630c39c-fd08-43fb-ab02-dda03be4113b |
| 856 | ## | $u | http://readingroom.main.prlib.ru/item.aspx?id_node=n96965851&mode=full |